00489nam a2200217Ia 4500008004100000020001800041050001400059100001700073245002300090245002000113250001900133260001500152260001600167260000900183300001600192300002000208300001000228300001900238440000600257500000800263170918s9999 xx 000 0 und d a9780545152907 bT447 2009 aWatson, Jude aBeyond the grave / cby Jude Watson. aFirst edition. aNew York : bScholastic, c2009 a190 pages : billustrations ; c20cm. eThe 39 clues ; a4 a550